|
|
|
|
| LEADER |
01052cam a2200253 7i4500 |
| 001 |
0000010831 |
| 005 |
20140616090000.0 |
| 020 |
|
|
|a 9836265805 (hbk.)
|
| 020 |
|
|
|a 9836265791 (hbk.)
|
| 020 |
|
|
|a 9836265813 (hbk.)
|
| 090 |
0 |
0 |
|a J591
|b BUK
|
| 100 |
1 |
|
|a Taylor, David
|
| 245 |
1 |
0 |
|a Buku haiwan yang...
|c David Taylor ; ilustrasi Peter Massey.
|
| 260 |
|
|
|a Kuala Lumpur:
|b DBP,
|c 2001.
|
| 300 |
|
|
|a 3 v.:
|b col. ill.;
|c 28 cm.
|
| 650 |
0 |
0 |
|a Animals
|
| 700 |
1 |
|
|a Massey, Peter
|
| 999 |
|
|
|a 0000013700
|b BOK
|c OPEN SHELF - CHILDREN
|e Ground Floor, Bestari Jaya
|
| 999 |
|
|
|a 0000013701
|b BOK
|c OPEN SHELF - CHILDREN
|e Ground Floor, Bestari Jaya
|
| 999 |
|
|
|a 0000013702
|b BOK
|c OPEN SHELF - CHILDREN
|e Ground Floor, Bestari Jaya
|
| 999 |
|
|
|a 0000013703
|b BOK
|c OPEN SHELF - CHILDREN
|e Ground Floor, Bestari Jaya
|
| 999 |
|
|
|a 0000013704
|b BOK
|c OPEN SHELF - CHILDREN
|e Ground Floor, Bestari Jaya
|
| 999 |
|
|
|a 0000013705
|b BOK
|c OPEN SHELF - CHILDREN
|e Ground Floor, Bestari Jaya
|
| 999 |
|
|
|a 0000013706
|b BOK
|c OPEN SHELF - CHILDREN
|e Ground Floor, Bestari Jaya
|